00369nam a2200109Ia 4500008004100000245012100041260004900162260000900211300001000220500001300230650001600243170224s9999 xx 000 0 und d aDiscount and disengage: How chronic negative expressivity undermines partner responsiveness to negative disclosures. bJournal of Personality and Social Psychology c2014 a107:6 aDecember xPsychology.